Economic Planning w.r.t Pakistan/ (Record no. 36658)

MARC details
000 -LEADER
fixed length control field 00423nam a22001577a 4500
005 - DATE AND TIME OF LATEST TRANSACTION
control field 20241008101311.0
008 - FIXED-LENGTH DATA ELEMENTS--GENERAL INFORMATION
fixed length control field 241008b |||||||| |||| 00| 0 eng d
082 ## - DEWEY DECIMAL CLASSIFICATION NUMBER
Classification number 338.9
Item number HAM-E
100 ## - MAIN ENTRY--AUTHOR
Author Name Hamid, Shahid.A
245 ## - TITLE STATEMENT
Title Economic Planning w.r.t Pakistan/
Statement of responsibility, etc. A. Hamid Shahid
260 ## - PUBLICATION, DISTRIBUTION, ETC.
Place of Publication Lahore;
Name of publisher, distributor, etc. Ilmi Kutab Khana;
Date of publication, distribution, etc. 2004.
300 ## - PHYSICAL DESCRIPTION
Pages vii, 647 p.;
650 ## - SUBJECT ADDED ENTRY--TOPICAL TERM
Subject / Department Economics
300 ## - PHYSICAL DESCRIPTION
-- ill.;
-- 22.5 cm
952 ## - LOCATION AND ITEM INFORMATION (KOHA)
-- 0
-- 0
952 ## - LOCATION AND ITEM INFORMATION (KOHA)
-- 0
-- 0
Holdings
Lost status Damaged status Collection code Permanent Location Current Location Shelving Location Date acquired Full Call Number Accession No./Barcode Date last seen Copy number item type Koha item type
    Economics/Commerce Superior Information Resource Center (SIRC) Superior University - City Campus Superior Information Resource Center (SIRC) Superior University - City Campus Economics 10/08/2024 338.9 HAM-E 2004 2236 10/08/2024 1 BOOK BOOK
    Economics/Commerce Superior Information Resource Center (SIRC) Superior University - City Campus Superior Information Resource Center (SIRC) Superior University - City Campus Economics 10/08/2024 338.9 HAM-E 2004 2238 10/08/2024 2 BOOK BOOK

Powered by Koha